Mindset: changing the way you think to fulfil your potential (Record no. 523430)

000 -LEADER
fixed length control field 00481nam a22001577a 4500
020 ## - INTERNATIONAL STANDARD BOOK NUMBER
International Standard Book Number 9781780332000
082 ## - DEWEY DECIMAL CLASSIFICATION NUMBER
Classification number K95 D961
100 ## - MAIN ENTRY--PERSONAL NAME
Personal name Dweck, Carol S.
9 (RLIN) 39996
245 ## - TITLE STATEMENT
Title Mindset: changing the way you think to fulfil your potential
Statement of responsibility, etc by Carol S. Dweck
260 ## - PUBLICATION, DISTRIBUTION, ETC. (IMPRINT)
Place of publication, distribution, etc New York
Name of publisher, distributor, etc Robinson
Date of publication, distribution, etc 2017
300 ## - PHYSICAL DESCRIPTION
Extent 301p.
650 ## - SUBJECT ADDED ENTRY--TOPICAL TERM
Topical term or geographic name as entry element Self- actualization
9 (RLIN) 39997
650 ## - SUBJECT ADDED ENTRY--TOPICAL TERM
Topical term or geographic name as entry element Self confidence
9 (RLIN) 39998
650 ## - SUBJECT ADDED ENTRY--TOPICAL TERM
Topical term or geographic name as entry element Psychology
9 (RLIN) 39999
650 ## - SUBJECT ADDED ENTRY--TOPICAL TERM
Topical term or geographic name as entry element Success - Psychological aspects
9 (RLIN) 40000
Holdings
Withdrawn status Lost status Source of classification or shelving scheme Damaged status Koha normalized classification for sorting Not for loan Permanent location Current location Shelving location Date acquired Total Checkouts Full call number Barcode Date last seen Date last borrowed Price effective from Koha item type
        K_95_000000000000000_D961   Indian Institute of Public Administration Indian Institute of Public Administration On Display 2023-08-17 1 K95 D961 88633 2025-01-17 2023-09-18 2023-08-17 Book

Powered by Koha